| 000 | 00368nam a2200133Ia 4500 | ||
|---|---|---|---|
| 008 | 130318s9999 xx 000 0 und d | ||
| 020 | _a9780521670524 | ||
| 082 | _a005.82 GOL/F | ||
| 100 | _aGoldreich, Oded | ||
| 245 | _aFoundations of cryptography: Basic tools. Vol 1 | ||
| 260 |
_bCambridge University Press _aUK _c2001 |
||
| 300 | _a372 | ||
| 650 | _aNETWORK SECURITY | ||
| 999 |
_c2418 _d2418 |
||